| 000 | 01375cam a2200349 a 4500 | ||
|---|---|---|---|
| 001 | 52038 | ||
| 005 | 20230410121101.0 | ||
| 008 | 980202s1997 cl a b 000 0 spa | ||
| 010 | _a 98109946 | ||
| 035 | _a(OCoLC)ocm39796241 | ||
| 040 |
_aDLC _cDLC |
||
| 020 | _a9561315106 | ||
| 020 | _a9789561315105 | ||
| 035 | _a(OCoLC)39796241 | ||
| 041 | 1 |
_aspa _hger |
|
| 043 | _as-cl--- | ||
| 050 | 1 | 4 |
_aJL2631 _b.C11 1997 |
| 100 | 1 | _aCañas Kirby, Enrique. | |
| 240 | 1 | 0 |
_aAutoritèares Regime, Transition durch Verhandlung und demokratische èOffnung. _lSpanish |
| 245 | 1 | 0 |
_aProceso político en Chile : _b1973-1990 / _cEnrique Cañas Kirby. |
| 260 |
_aSantiago de Chile : _bEditorial Andres Bello, _c[1997] |
||
| 300 |
_a351 p. : _bill. ; _c23 cm. |
||
| 500 | _aRevised translation of the author's thesis (doctoral--Universidad Alemana de Friburgo, 1993) originally published under the title: Autoritèares Regime, Transition durch Verhandlung und demokratische èOffnung : Chile, 1983-1991. | ||
| 504 | _aIncludes bibliographical references (p. 331-348). | ||
| 651 | 0 |
_aChile _xPolitics and government _y1973- |
|
| 650 | 0 |
_aDemocracy _zChile _xHistory _y20th century. |
|
| 650 | 0 |
_aAuthoritarianism _zChile _xHistory _y20th century. |
|
| 650 | 0 |
_aDemocratization _zChile _xHistory _y20th century. |
|
| 942 |
_2lcc _cbk |
||
| 946 | _aclperez | ||
| 994 |
_aC0 _bDRFGD |
||
| 999 |
_c57640 _d57640 |
||